[Event "GER-chT North U16"]
[Site "Berlin"]
[Date "2012.09.06"]
[Round "2.4"]
[White "Balazs, Kata"]
[Black "Kasel, Alexander"]
[Result "1-0"]
[WhiteElo "1375"]
[BlackElo "1297"]
[PlyCount "41"]
[EventDate "2012.09.06"]
[EventType "team-swiss"]
[EventRounds "7"]
[EventCountry "GER"]
[SourceTitle "EXT 2015"]
[Source "ChessBase"]
[SourceDate "2014.11.20"]
[SourceVersion "1"]
[SourceVersionDate "2014.11.20"]
[SourceQuality "1"]
[WhiteTeam "Hagen"]
[BlackTeam "Torgelow"]
[WhiteTeamCountry "GER"]
[BlackTeamCountry "GER"]

1. d4 Nf6 2. c4 e6 3. Nc3 Bb4 4. Bg5 0-0 5. Nf3 d6 6. e3 Bxc3+ 7. bxc3 Nc6 8. Bd3 Bd7 9. 0-0 h6 10. Bh4 Re8 11. Nd2 Nb8 12. Ne4 g5 13. Nxf6+ Qxf6 14. Bg3 Kf8 15. Rb1 Bc8 16. Be4 Nc6 17. Qa4 h5 18. f3 Ke7 19. Bxc6 bxc6 20. Qxc6 Bd7 21. Qxc7 1-0

[Event "Mecklenburg VP-ch U12"]
[Site "Malchow"]
[Date "2010.02.??"]
[Round "6.6"]
[White "Kasel, Alexander"]
[Black "Sbach, Lennart"]
[Result "1/2-1/2"]
[WhiteElo "967"]
[BlackElo "942"]
[PlyCount "22"]
[EventDate "2010.02.10"]
[EventType "swiss"]
[EventRounds "7"]
[EventCountry "GER"]
[SourceTitle "EXT 2022"]
[Source "ChessBase"]
[SourceDate "2021.10.06"]
[SourceVersion "1"]
[SourceVersionDate "2021.10.06"]
[SourceQuality "1"]

1. e4 e6 2. d4 d5 3. Nc3 c5 4. exd5 exd5 5. dxc5 Nf6 6. Be3 Bf5 7. Nf3 Be7 8. Be2 0-0 9. 0-0 Nc6 10. Bd3 Bxd3 11. Qxd3 Ng4 1/2-1/2

[Event "Mecklenburg VP-ch U12"]
[Site "Malchow"]
[Date "2010.02.??"]
[Round "3.9"]
[White "Soltmann, Jan"]
[Black "Kasel, Alexander"]
[Result "1-0"]
[WhiteElo "1058"]
[BlackElo "967"]
[PlyCount "65"]
[EventDate "2010.02.10"]
[EventType "swiss"]
[EventRounds "7"]
[EventCountry "GER"]
[SourceTitle "EXT 2022"]
[Source "ChessBase"]
[SourceDate "2021.10.06"]
[SourceVersion "1"]
[SourceVersionDate "2021.10.06"]
[SourceQuality "1"]

1. e4 c5 2. Nf3 d6 3. d4 cxd4 4. Nxd4 Nf6 5. Nc3 g6 6. Bc4 Bg7 7. 0-0 0-0 8. Be3 Nc6 9. Nf3 Ng4 10. Bg5 a6 11. a4 Bd7 12. Qd2 Rc8 13. h3 Nge5 14. Nxe5 Nxe5 15. Bb3 b5 16. axb5 axb5 17. Bh6 Bxh3 18. f3 Bd7 19. Bxg7 Kxg7 20. Kf2 Qb6+ 21. Ke2 Qb7 22. Rh1 Rc7 23. Qh6+ Kf6 24. Nd5+ Ke6 25. Nxc7+ Kf6 26. Nd5+ Ke6 27. Qxf8 Bc6 28. Nxe7+ Kf6 29. Nxc6 b4 30. Nxe5 Kxe5 31. Qg7+ Kf4 32. Qf6+ Kg3 33. Qh4+ 1-0

[Event "Mecklenburg VP-ch U12"]
[Site "Malchow"]
[Date "2010.02.??"]
[Round "5.7"]
[White "Ververs, Linus"]
[Black "Kasel, Alexander"]
[Result "0-1"]
[WhiteElo "759"]
[BlackElo "967"]
[PlyCount "51"]
[EventDate "2010.02.10"]
[EventType "swiss"]
[EventRounds "7"]
[EventCountry "GER"]
[SourceTitle "EXT 2022"]
[Source "ChessBase"]
[SourceDate "2021.10.06"]
[SourceVersion "1"]
[SourceVersionDate "2021.10.06"]
[SourceQuality "1"]

1. e4 c5 2. Nc3 d6 3. Nf3 Nf6 4. Bc4 g6 5. 0-0 Bg7 6. d3 0-0 7. e5 Ng4 8. exd6 exd6 9. Bd5 Nd7 10. Nb5 Nde5 11. Nxe5 dxe5 12. Bxb7 Qh4 13. h3 Bxb7 14. Nd6 Bc6 15. hxg4 Rfd8 16. Nc4 e4 17. Na5 Bb5 18. Nb7 Rd5 19. a4 Ba6 20. Na5 exd3 21. cxd3 c4 22. b4 Bxa1 23. Qd2 Bg7 24. Qe2 cxd3 25. Qe4 Rdd8 26. Nc6 0-1